| 000 | 00630nam a2200205Ia 4500 | ||
|---|---|---|---|
| 008 | 191130s2004##################000#0#eng## | ||
| 020 | _a9780817632199 | ||
| 022 | _a2004043735 | ||
| 040 |
_aACL _cACL |
||
| 082 | _a332.0151 RAC | ||
| 245 |
_aHandbook of computational and numerical methods in finance _cSvetlozar T. Rachev, editor |
||
| 260 |
_aBoston _bBirkhauser _c2004 |
||
| 300 | _avi, 435 p. : ill. ; 24 cm | ||
| 500 | _aIncludes bibliographical references | ||
| 650 | _aFinance - Mathematical models | ||
| 700 | _aRachev, S. T | ||
| 990 | _a151ce801ac10000c3ee7518417c85b27 | ||
| 991 | _a143116 | ||
| 999 |
_c200076 _d200076 |
||